|
|
|
|
| LEADER |
00000nam a2200000 a 4500 |
| 001 |
vtls001124280 |
| 003 |
SK-MaSNL |
| 005 |
20260301144237.0 |
| 008 |
250414s1987 xo 0 slo |
| 015 |
|
|
|a SNBA1988/06
|
| 035 |
|
|
|a SNK000067123
|
| 040 |
|
|
|a SNK
|b slo
|c SNK
|e AACR2
|
| 041 |
0 |
|
|a slo
|
| 044 |
|
|
|a xo
|c SK
|
| 080 |
|
|
|a 669.017(075.8)
|2 1981
|
| 100 |
1 |
|
|a Čech, Jozef
|4 aut
|9 7264
|
| 245 |
1 |
0 |
|a Náuka o kovoch
|c Jozef Čech
|
| 250 |
|
|
|a 2. preprac. vyd.
|
| 260 |
|
|
|a Bratislava
|b Alfa
|a S.l.
|b VŠT v Košiciach [vyd.]
|c 1987
|e Nitra
|f Nitrianske tlačiarne
|
| 300 |
|
|
|a 239 s., 20,26 AH
|b Tb. Sch.
|c 29 cm
|
| 366 |
|
|
|e 450 výtl.
|
| 490 |
1 |
|
|a Vysokoškolské učebné texty
|
| 504 |
|
|
|a Obsahuje bibliografiu
|
| 650 |
0 |
7 |
|a kovy
|2 SNKPH
|9 16608
|
| 655 |
|
7 |
|a učebnice vysokých škôl
|2 SNKPH
|9 70191
|
| 830 |
|
0 |
|a Vysokoškolské učebné texty
|9 276539
|
| 852 |
|
|
|a Slovenská národná knižnica
|
| 954 |
|
|
|a kovy
|
| 958 |
|
|
|a OND
|
| 958 |
|
|
|a NB
|
| 958 |
|
|
|a TL
|
| 958 |
|
|
|a UV
|
| 999 |
|
|
|c 776539
|d 778469
|
| 952 |
|
|
|a SNK
|b SNK
|y PREZ
|7 0
|p 17A0845984
|o snkSB 43246
|0 0
|1 0
|4 0
|d 2012-07-11
|f 1
|l 0
|r 2025-05-09 00:00:00
|w 2026-02-24
|
| 952 |
|
|
|t P60, <04>, [BOOK], {604}
|a SNK
|b SNK
|y VYP
|7 0
|p 17A0202028
|o snkSB 43246 D1
|0 0
|1 0
|4 0
|d 1999-07-14
|l 0
|r 2004-12-31 00:00:00
|w 2026-02-24
|